Predictive Performance of Customer Lifetime Value Models in E-commerce and the Use of Non-financial Data
Poznanie modelov životnosti zákazníka. Nasadenie konkrétneho modelu vo svojom podnikaní. Prediktívne správanie vybraných modelov. Šesť veľkých súborov údajov o stredných a veľkých internetových obchodoch v Českej republike a na Slovensku.
Uložené v:
| Hlavný autor: | |
|---|---|
| Ďalší autori: | , , , |
| Médium: | Kapitola |
| Jazyk: | English |
| Predmet: | |
| Tagy: |
Žiadne tagy, Buďte prvý, kto otaguje tento záznam!
|
MARC
| LEADER | 00000naa a2200000 4500 | ||
|---|---|---|---|
| 001 | 0261078 | ||
| 005 | 20200115100037.1 | ||
| 041 | 0 | |a eng | |
| 044 | |a CZ | ||
| 245 | 1 | 0 | |a Predictive Performance of Customer Lifetime Value Models in E-commerce and the Use of Non-financial Data |c Pavel Jašek, Lenka Vraná, Lucie Šperková, Zdenek Smutný, Marek Kobulský |
| 520 | |a Poznanie modelov životnosti zákazníka. Nasadenie konkrétneho modelu vo svojom podnikaní. Prediktívne správanie vybraných modelov. Šesť veľkých súborov údajov o stredných a veľkých internetových obchodoch v Českej republike a na Slovensku. | ||
| 610 | 2 | 0 | |a modely |
| 610 | 2 | 0 | |a predvídanie |
| 610 | 2 | 0 | |a manažment |
| 610 | 2 | 0 | |a marketing elektronický |
| 610 | 2 | 0 | |a obchod elektronický |
| 610 | 2 | 0 | |a nákup elektronický |
| 100 | 1 | |a Jašek, Pavel | |
| 700 | 1 | |a Vraná, Lenka | |
| 700 | 1 | |a Šperková, Lucie | |
| 700 | 1 | |a Smutný, Zdenek | |
| 700 | 1 | |a Kobulský, Marek | |